00522cam a2200181u 450000100060000000300080000600500170001400800410003103500190007204000240009104100080011508200220012310000370014524500670018225000210024926000360027030000340030682632BD-RjUL20240116111015.0230116s1910 enkae 000 0 eng  a(BD-RjUL)82632 aDLCcCarPdDLCbeng aeng 223a823bGHP 19101 aGhosh, Sarath Kumar,d1883-1920.14aThe prince of destiny:bthe new krishna /,cSarath Kumar Ghosh aColonial Edition aLondon:bRebman limited,c1910. a630 p.billus. (plan)c19 cm.